000 00468cam a2200193ua 4500
001 4112
008 111215n ii |||gr||||Z||||||asm
020 _a81-237-4204-5
040 _cMAIN
082 _a891.4513
100 1 _aSaikia, Bhabendra Nath,
245 1 1 _aAkash
_cby Bhabendra Nath Saikia
250 _a1st.
260 _aNew Delhi:
_bNational book trust,988.
300 _a254p:
_c23cm.
653 _aAssamese short stories
653 _aAkash
942 _cBK
999 _c3934
_d3934